Cirkevnoslovansko-slovenský slovník D (17. časť)

Bibliographic Details
Main Authors: Štec, Mikuláš, 1932- (Author), Horňák, Michal, 1929-2016 (Author)
Format: Article
Language:Slovak
ISSN:0139-9012
Subjects:

MARC

LEADER 00000nab a2200000 a 4500
001 vtls009304765
003 SK-MaSNL
005 20260303054226.0
008 080618c2008 xo mr p 000 a0slo
015 |a SNBRB2008/06 
038 |a SVKPOCL 
040 |a SVKPOCL  |b slo  |c SVKPO  |e AACR2 
041 0 |a slo 
044 |a xo  |c SK 
080 |a 81'374=163.1=162.4  |2 2001 
100 1 |a Štec, Mikuláš,  |d 1932-  |4 aut  |9 98645 
245 1 0 |a Cirkevnoslovansko-slovenský slovník  |b D  |n (17. časť)  |c Mikuláš Štec, Michal Horňák 
500 |a Pokračovanie 
650 0 7 |a cirkevnoslovansko-slovenské slovníky  |2 svkpocl  |9 1034472 
655 7 |a slovníky  |2 svkpocl  |9 70413 
700 1 |a Horňák, Michal,  |d 1929-2016  |4 aut  |9 25820 
773 0 |t Odkaz sv. Cyrila a Metoda = Zapovit sv. Kyryla i Mefodija  |g Roč. LIV, č. 3 (2008), s. [21-24]  |x 0139-9012 
852 |a SVKPO  |b KIS3GCP 
958 |a UK 
958 |a NT 
958 |a SK 
958 |a RN 
999 |c 1722421  |d 1724351